Crisis de la democracia de América en la República Dominicana / (Registro nro. 13859)

Detalles MARC
000 -LEADER
fixed length control field 01736nam a2200277 a 4500
001 - CONTROL NUMBER
control field
003 - CONTROL NUMBER IDENTIFIER
control field OSt
005 - DATE AND TIME OF LATEST TRANSACTION
control field 20211109083901.0
008 - FIXED-LENGTH DATA ELEMENTS--GENERAL INFORMATION
fixed length control field 081029s2007 dr 000 0 spa d
020 ## - INTERNATIONAL STANDARD BOOK NUMBER
International Standard Book Number 9789945406054
040 ## - CATALOGING SOURCE
Original cataloging agency DO-SdBNP
Language of cataloging spa
Transcribing agency BNPHU
082 ## - DEWEY DECIMAL CLASSIFICATION NUMBER
Classification number 320.97293
Item number B742c, 2007
Edition number 22
100 1# - MAIN ENTRY--PERSONAL NAME
Personal name Bosch, Juan,
Dates associated with a name 1909-2001
9 (RLIN) 1
245 10 - TITLE STATEMENT
Title Crisis de la democracia de América en la República Dominicana /
Statement of responsibility, etc. Juan Bosch ; edición Diómedes Núñez Polanco y Rafael Julián.
250 ## - EDITION STATEMENT
Edition statement 5a ed.
260 ## - PUBLICATION, DISTRIBUTION, ETC. (IMPRINT)
Place of publication, distribution, etc. Santo Domingo :
Name of publisher, distributor, etc. Alfa & Omega,
Date of publication, distribution, etc. 2007.
300 ## - PHYSICAL DESCRIPTION
Extent 233 p. ;
Dimensions 21 cm.
505 0# - FORMATTED CONTENTS NOTE
Title Introducción a la primera edición dominicana --
-- Introducción --
-- A la muerte del tirano --
-- El Partido Revolucionario Dominicano en la hora crítica --
-- La juventud desviada --
-- Los patriotas y sus planes --
-- Los patriotas conquistan el poder --
-- La composición social dominicana --
-- La clase media en el campo político --
-- La lengua nueva --
-- Política y conspiración --
-- Una escuela de política --
-- Golpe primero elecciones después --
-- El papel de la Iglesia en el golpe --
-- Comunismo y democracia --
-- La Alianza para el Progreso --
-- Los hombres de la Alianza --
-- El CIDES, una experiencia importante --
-- Los conflictos con Haití --
-- El papel de la corrupción en el golpe --
-- Trujillo, el jefe militar del golpe --
-- Los sectores sociales en las fuerzas armadas --
-- Juventud y masas populares, reserva del porvenir.
590 ## - LOCAL NOTE (RLIN)
Local note Inventariado, 2021/VM
651 #4 - SUBJECT ADDED ENTRY--GEOGRAPHIC NAME
Geographic name República Dominicana
General subdivision Política y gobierno
Chronological subdivision 1930-1961
651 #4 - SUBJECT ADDED ENTRY--GEOGRAPHIC NAME
Geographic name República Dominicana
General subdivision Historia
Chronological subdivision 1961-1965
700 1# - ADDED ENTRY--PERSONAL NAME
Personal name Núñez Polanco, Diómedes,
Numeration 1952-
Relator term ed.
700 1# - ADDED ENTRY--PERSONAL NAME
Personal name Julián, Rafael,
Relator term ed.
910 ## - USER-OPTION DATA (OCLC)
User-option data VMateo V.
942 ## - ADDED ENTRY ELEMENTS (KOHA)
Source of classification or shelving scheme Dewey Decimal Classification
Koha item type Libros
Existencias
Withdrawn status Lost status Source of classification or shelving scheme Damaged status Not for loan Collection code Home library Current library Date acquired Source of acquisition Total Checkouts Full call number Barcode Date last seen Price effective from Koha item type Copy number
    Dewey Decimal Classification     Colección Dominicana Biblioteca Pública Metropolitana Salomé Ureña Biblioteca Pública Metropolitana Salomé Ureña 11/09/2021 Fundacón Juan Bosch   BPMSU CD 320.97293 B742c, 2007 BPMSU21110066 11/09/2021 11/09/2021 Libros  
    Dewey Decimal Classification     Colección Dominicana Biblioteca Pública Metropolitana Salomé Ureña Biblioteca Pública Metropolitana Salomé Ureña 11/09/2021 Fundacón Juan Bosch   BPMSU CD 320.97293 B742c 2007 BPMSU21110067 11/09/2021 11/09/2021 Libros e.2